<?xml version="1.0" encoding="UTF-8"?><?xml-stylesheet type="text/xsl" href="static/style.xsl"?><OAI-PMH xmlns="http://www.openarchives.org/OAI/2.0/" xmlns:xsi="http://www.w3.org/2001/XMLSchema-instance" xsi:schemaLocation="http://www.openarchives.org/OAI/2.0/ http://www.openarchives.org/OAI/2.0/OAI-PMH.xsd"><responseDate>2026-06-05T16:47:47Z</responseDate><request verb="GetRecord" identifier="oai:riuma.uma.es:10630/23634" metadataPrefix="marc">https://riuma.uma.es/rest/oai/request</request><GetRecord><record><header><identifier>oai:riuma.uma.es:10630/23634</identifier><datestamp>2026-02-03T12:14:29Z</datestamp><setSpec>com_10630_2254</setSpec><setSpec>col_10630_37959</setSpec></header><metadata><record xmlns="http://www.loc.gov/MARC21/slim" xmlns:dcterms="http://purl.org/dc/terms/" xmlns:doc="http://www.lyncode.com/xoai" xmlns:xsi="http://www.w3.org/2001/XMLSchema-instance" xsi:schemaLocation="http://www.loc.gov/MARC21/slim http://www.loc.gov/standards/marcxml/schema/MARC21slim.xsd">
   <leader>00925njm 22002777a 4500</leader>
   <datafield ind2=" " ind1=" " tag="042">
      <subfield code="a">dc</subfield>
   </datafield>
   <datafield ind2=" " ind1=" " tag="720">
      <subfield code="a">Martín Ovejero, Jesús</subfield>
      <subfield code="e">author</subfield>
   </datafield>
   <datafield ind2=" " ind1=" " tag="260">
      <subfield code="c">2021-12-13</subfield>
   </datafield>
   <datafield ind2=" " ind1=" " tag="520">
      <subfield code="a">En matemáticas, los problemas de clasificación adquieren una relevancia especial, pues es a través de los mismos cuando se descubren las propiedades intrínsecas de los objetos involucrados. Desde el punto de vista algebro-geométrico, un problema de móduli es un problema de clasificación donde la solución al mismo pasa por la construcción de un esquema,  correspondiéndose,  cada punto de dicho espacio, con una clase de equivalencia de los objetos considerados. En la presente charla explicaremos el problema de móduli de G-fibrados principales con trivialización formal sobre una curva algebraica C, y se construirá el espacio de móduli fino Bun_{G,C}^{\infty} que parametriza dichos objetos. Además, se explicará como obtener el stack de fibrados principales como el stack cociente [Bun_{G,C}^{\infty}/L^+G]    siendo L^+G el Positive Loop Group de G. Por último, introduciremos la noción de álgebra graduada parcialmente generada, generalizaremos un Teorema clásico de Nagata sobre la estructura del álgebra de invariantes, y probaremos la existencia  de una inmersión canónica del espacio de móduli Bun_{G,C}^{\infty} en un fibrado proyectivo para los grupos semisimples clásicos.</subfield>
   </datafield>
   <datafield ind1="8" ind2=" " tag="024">
      <subfield code="a">https://hdl.handle.net/10630/23634</subfield>
   </datafield>
   <datafield tag="653" ind2=" " ind1=" ">
      <subfield code="a">Módulos (Algebra)</subfield>
   </datafield>
   <datafield tag="653" ind2=" " ind1=" ">
      <subfield code="a">Fibrados (Matemáticas)</subfield>
   </datafield>
   <datafield ind2="0" ind1="0" tag="245">
      <subfield code="a">El espacio de móduli de fibrados principales con trivialización formal</subfield>
   </datafield>
</record>
</metadata></record></GetRecord></OAI-PMH>